La réponse termine par T - Statistiques

Statistiques générales
  • Ce quiz a été pris 412 fois
  • Le résultat moyen est 14 sur 20
Statistiques - réponses
Indices Réponses % Correct
Heure pour laquelle Cendrillon doit être rentrée avant que son carrosse ne redevienne citrouille Minuit
96%
Vous n'y avez pas droit si vous n'avez pas de bras dans le film Intouchables Chocolat
91%
Fruit qui peut vous défendre au tribunal Avocat
90%
Ce qui n'est clairement pas autorisé Interdit
90%
Sens grâce auquel on peut découvrir les saveurs des aliments Goût
89%
Dans la mythologie grecque, animal composant la chevelure de Méduse Serpent
89%
Morceau de papier que l'on utilise pour payer Billet
88%
Oiseau emblématique de la piraterie Perroquet
85%
Lieu d'embarquement et de débarquement des passagers et marchandises des bateaux Port
81%
Société informatique américaine créatrice des systèmes d'exploitation Windows Microsoft
78%
Navire habitable et utilisé aux fins de loisir dans une ambiance au luxe Yacht
72%
Acteur français, membre de la troupe Les Nuls, et créateur du jeu télé Burger Quiz Alain Chabat
70%
Lieu où sont déposées des marchandises pour faire du stock Entrepôt
64%
Premier type de revolver créé, et qui a prit le nom de son créateur Colt
63%
Cadre des aventures de Lucky Luke, Yakari ou encore Blueberry Far West
57%
Nombre de côtés d'un icosagone Vingt
51%
Sorcier ou envoûteur qui propose de résoudre tout type de problèmes, mais bien souvent aussi charlatan Marabout
44%
85% de la production mondiale de ce fruit séché provient de la ville de Malatya en Turquie Abricot
41%
Arme d'hast présente sur le drapeau de la Barbade Trident
39%
Ensemble des espace situés dans la partie Est de l'Europe Orient
18%
Aucun quiz correspondant
Distribution des résultats
% des personnes avec chaque résultat
Percentile par nombre de réponses
Votre historique - résultats
Vous n’avez pas pris ce quiz